03882nam a2200301 a 4500003000500000005001700005007000300022008004100025040001800066041002300084050002800107082002800135110006400163245009100227250001700318264008300335300006200418336002700480337002600507338002800533505097000561520177901531650004003310650003203350651004203382651003603424710012003460CHAP20250630134158.0ta190523s2020 mx abdofr| ||1|||spa d amxchpuacCHAP aspabspafspahspa10aC HD9014.M63b.P36 202000aC 630.972bP36 20202201 aServicio de Información Agroalimentaria y Pesquera (SIAP)10aPanorama agroalimentario 2020 / cServicio de Información Agroalimentaria y Pesquera a1a edición aMéxico :bSADER. Servicio de Información Agroalimentaria y Pesquera,c2020 a196 páginas :bilustraciones, gráficas, mapas y fotos 2rdacontentatextobtxt 2rdamediaasinmediabn 2rdacarrieravolumenbnc0 aPresentación -- Servicio de Información Agroalimentaria y Pesquera (SIAP): Información que alimenta -- México : sector agroalimentario en cifras -- ¿Quienes generan la producción agropecuaria y pesquera en México? -- Productos agroalimentarios mexicanos: presencia en los mercados internacionales -- Sector exportador agroalimentario de México -- Estación de Recepción México (ERMEX): monitoreo permanente del territorio -- Sistemas aéreos no tripulados: innovación tecnológica -- La frontera agrícola: lugar donde se siembra el bienestar -- Estimación de superficie agrícola: nível de análisis de las siembras -- Vulnerabilidad en áreas agrícolas: disponibilidad de agua en presas -- Infraestructura agroalimentaria: la capacidad operativa del sector -- Regiones agroalimentarias de México -- Calendario agrícola 2020 -- SUBSECTOR AGRÍCOLA -- SECTOR PECUARIO -- SECTOR PESQUERO -- Productos y fracciones arancelarias2 aDespués de un año de arduo trabajo y mucho esfuerzo, el jueves 26 de noviembre se lanzó oficialmente la publicación del Panorama Agroalimentario 2020, el cual es fruto del trabajo de los especialistas del Servicio de Información Agroalimentaria y Pesquera. Liderando este gran equipo de trabajo, la Lic. Patricia Ornelas Ruiz, dió a conocer las principales características de esta publicación, con un emotivo discurso en el que enalteció el trabajo de los productores de todo el sector primario, ya que gracias a su esfuerzo y dedicación, se ha mantenido la producción constante de alimentos aun en tiempos difíciles debido a la pandemia por COVID. Además afirmó que el “El campo mexicano es motivo de orgullo por su grandeza y la excelencia de sus productores”. Por otro lado, el Secretario de la SADER, el Dr. Victor Manuel Villalobos Arámbula, brindó también un breve discurso relativo al campo y como este no se ha detenido a pesar de las adversidades, y al contrario, este seguirá creciendo hasta alcanzar la autosuficiencia alimentaria. En este evento se contó también con la participación de invitados de gran importancia internacional, tales como la doctora Lina Pohl, representante de la FAO en México, quien hizo hincapié en que el Panorama Agroalimentario 2020 es una herramienta vital para los organismos internacionales, para los tomadores de decisiones, para los productores y para la academia. Invitó al público en general a utilizar y a divulgar esta información, la cual incrementa su valor cuando es utilizada y compartida en diversos ámbitos. Si deseas consultar esta publicación, recuerda que se encuentra disponible en la página del SIAP, en el apartado de Panorama Agroalimentario 2020.13aAlimentosxEstadísticaszMéxico13aFoods xStatisticszMexico13aMéxicoxAgriculturaxEstadísticas13aMexicoxAgriculturexStatistics1 aSecretaría de Agricultura y Desarrollo Rural (SADER)bServicio de Información Agroalimentaria y Pesquera (SIAP)